A first course in mathematical analysis / (Record no. 10752)

MARC details
000 -LEADER
fixed length control field 01462cam a2200361 i 4500
001 - CONTROL NUMBER
control field 14655194
003 - CONTROL NUMBER IDENTIFIER
control field EG-ScBUE
005 - DATE AND TIME OF LATEST TRANSACTION
control field 20240930084804.0
008 - FIXED-LENGTH DATA ELEMENTS--GENERAL INFORMATION
fixed length control field 061204s2006 enka f 001 0 eng d
020 ## - INTERNATIONAL STANDARD BOOK NUMBER
International Standard Book Number 9780521684248 (pbk.)
020 ## - INTERNATIONAL STANDARD BOOK NUMBER
International Standard Book Number 0521684242 (pbk.)
035 ## - SYSTEM CONTROL NUMBER
System control number (OCoLC)ocm71165878
035 ## - SYSTEM CONTROL NUMBER
System control number (OCoLC)71165878
040 ## - CATALOGING SOURCE
Original cataloging agency COO
Language of cataloging eng
Description conventions rda
Transcribing agency COO
Modifying agency EQO
-- BAKER
-- YDXCP
-- SUC
-- IXA
-- DLC
-- EG-ScBUE
082 04 - DEWEY DECIMAL CLASSIFICATION NUMBER
Classification number 515
Edition number 22
Item number BRA
100 1# - MAIN ENTRY--PERSONAL NAME
Personal name Brannan, D. A.,
Relator term author.
245 12 - TITLE STATEMENT
Title A first course in mathematical analysis /
Statement of responsibility, etc David Alexander Brannan.
246 30 - VARYING FORM OF TITLE
Title proper/short title Mathematical analysis
264 #1 - PUBLICATION, DISTRIBUTION, ETC. (IMPRINT)
Place of publication, distribution, etc Cambridge ;
-- New York :
Name of publisher, distributor, etc Cambridge University Press :
-- Open University,
Date of publication, distribution, etc 2006.
300 ## - PHYSICAL DESCRIPTION
Extent xii, 459 pages :
Other physical details illustrations ;
Dimensions 25 cm
336 ## - CONTENT TYPE
Source rdacontent
Content type term text
Content type code txt
337 ## - MEDIA TYPE
Media type term unmediated
Source rdamedia
Media type code n
338 ## - CARRIER TYPE
Carrier type term volume
Carrier type code nc
Source rdacarrier
500 ## - GENERAL NOTE
General note Includes index.
650 #7 - SUBJECT ADDED ENTRY--TOPICAL TERM
Topical term or geographic name as entry element Mathematical analysis.
Source of heading or term BUEsh
650 #7 - SUBJECT ADDED ENTRY--TOPICAL TERM
Topical term or geographic name as entry element Calculus.
Source of heading or term BUEsh
655 ## - INDEX TERM--GENRE/FORM
Form subdivision Reading book
856 42 - ELECTRONIC LOCATION AND ACCESS
Materials specified Publisher description
Uniform Resource Identifier <a href="http://www.loc.gov/catdir/enhancements/fy0619/2006299774-d.html">http://www.loc.gov/catdir/enhancements/fy0619/2006299774-d.html</a>
856 41 - ELECTRONIC LOCATION AND ACCESS
Materials specified Table of contents only
Uniform Resource Identifier <a href="http://www.loc.gov/catdir/enhancements/fy0619/2006299774-t.html">http://www.loc.gov/catdir/enhancements/fy0619/2006299774-t.html</a>
856 42 - ELECTRONIC LOCATION AND ACCESS
Materials specified Contributor biographical information
Uniform Resource Identifier <a href="http://www.loc.gov/catdir/enhancements/fy0733/2006299774-b.html">http://www.loc.gov/catdir/enhancements/fy0733/2006299774-b.html</a>
942 ## - ADDED ENTRY ELEMENTS (KOHA)
Source of classification or shelving scheme Dewey Decimal Classification
Koha item type Book - Borrowing
Holdings
Withdrawn status Lost status Source of classification or shelving scheme Damaged status Not for loan Collection code Home library Current library Shelving location Date acquired Source of acquisition Cost, normal purchase price Serial Enumeration / chronology Total Checkouts Total Renewals Full call number Barcode Date last seen Date checked out Price effective from Koha item type
    Dewey Decimal Classification     Alahram Central Library Central Library First floor 08/02/2009 Purchase 245.50 6489 3 1 515 BRA 000014662 15/07/2025 17/09/2024 08/02/2009 Book - Borrowing